| 000 | 00753nam a22001817a 4500 | ||
|---|---|---|---|
| 005 | 20260123084341.0 | ||
| 008 | 230711b ||||| |||| 00| 0 eng d | ||
| 040 |
_cSSBUL _dSSBUL |
||
| 082 |
_223 _a၉၅၉.၁ |
||
| 100 |
_aစံအောင်။ _927765 |
||
| 245 |
_aညီညွတ်ရေးအရေးတော်ပုံ / _cစံအောင်။ |
||
| 250 | _aဒုတိယအကြိမ်။ | ||
| 260 |
_aရန်ကုန်၊ _bကြေးမုံသတင်းစာ၊ _c၁၉၉၁။ |
||
| 300 |
_a၂၁၃ စာမျက်နှာ၊ _c၂၃ စင်တီ။ |
||
| 500 | _aS-SAT: Dr. Prof Sai Aung Tun | ||
| 651 |
_aမြန်မာနိုင်ငံ _xသမိုင်း။ _96190 |
||
| 942 |
_2ddc _cBK1 |
||
| 999 |
_c27033 _d27033 |
||